[Event "Vellmar Chess Days"]
[Site "chess24.com"]
[Date "2015.08.09"]
[Round "7.2"]
[White "Ziegenfuss, Holger"]
[Black "Schroeder, Kevin"]
[Result "1/2-1/2"]
[WhiteElo "2032"]
[BlackElo "2175"]
[PlyCount "87"]
[EventDate "2015.??.??"]
[WhiteTeam "Germany"]
[BlackTeam "Germany"]
[WhiteTeamCountry "GER"]
[BlackTeamCountry "GER"]
[WhiteClock "0:27:04"]
[BlackClock "0:29:57"]

1. e4 e5 2. Nc3 Nc6 3. Bc4 Nf6 4. d3 Na5 5. Nge2 Nxc4 6. dxc4 Bc5 7. f3 d6 8.
Na4 Bb6 9. Nxb6 axb6 10. Be3 Be6 11. b3 O-O 12. a4 Nd7 13. g4 Nc5 14. h4 Qd7
15. Ng3 c6 16. Kf2 Rfd8 17. c3 Qc7 18. Qc2 d5 19. cxd5 cxd5 20. exd5 Bxd5 21.
c4 Bc6 22. Rad1 Rxd1 23. Rxd1 e4 24. f4 Nd3+ 25. Rxd3 exd3 26. Qxd3 Qd7 27.
Qxd7 Bxd7 28. f5 b5 29. cxb5 Rc8 30. Ne2 h5 31. gxh5 Bxf5 32. Nd4 Bg4 33. h6
gxh6 34. Bxh6 Kh7 35. Bd2 Kg6 36. a5 Kh5 37. a6 bxa6 38. b6 Rb8 39. Ba5 Bd7 40.
Nf3 Be6 41. Ne5 Rc8 42. Nc6 Rxc6 43. b7 Rc8 44. bxc8=Q 1/2-1/2

[Event "Vellmar Chess Days"]
[Site "chess24.com"]
[Date "2015.08.09"]
[Round "7.3"]
[White "Kersten, Uwe"]
[Black "Humburg, Philipp"]
[Result "0-1"]
[WhiteElo "2300"]
[BlackElo "2186"]
[PlyCount "80"]
[EventDate "2015.??.??"]
[WhiteTeam "Germany"]
[BlackTeam "Germany"]
[WhiteTeamCountry "GER"]
[BlackTeamCountry "GER"]
[WhiteClock "0:00:36"]
[BlackClock "0:08:12"]

1. e4 c5 2. Nf3 d6 3. d4 cxd4 4. Nxd4 Nf6 5. Nc3 Nc6 6. Bc4 e6 7. Be3 Be7 8.
Bb3 a6 9. f4 O-O 10. Qf3 Nxd4 11. Bxd4 Qc7 12. f5 b5 13. a3 e5 14. Be3 Bb7 15.
g4 Nxe4 16. Nd5 Bh4+ 17. Kf1 Nf6 18. Rd1 Bxd5 19. Rxd5 Nxd5 20. Bxd5 Rab8 21.
c3 Qe7 22. g5 Bxg5 23. Rg1 Bf4 24. Qg4 Qf6 25. Bf2 h6 26. Qh5 Bg5 27. Qf3 Kh8
28. Rg4 a5 29. h4 Bf4 30. Qe4 b4 31. axb4 axb4 32. c4 b3 33. Be1 Rg8 34. Bc3
Bc1 35. h5 g6 36. hxg6 Rxg6 37. Rxg6 fxg6 38. Be6 gxf5 39. Qd5 Re8 40. Bf7 Rf8
0-1

[Event "Vellmar Chess Days"]
[Site "chess24.com"]
[Date "2015.08.09"]
[Round "7.4"]
[White "Yu, Ting"]
[Black "Heinelt, Manfred"]
[Result "1-0"]
[WhiteElo "2148"]
[BlackElo "2171"]
[PlyCount "37"]
[EventDate "2015.??.??"]
[WhiteTeam "China"]
[BlackTeam "Germany"]
[WhiteTeamCountry "CHN"]
[BlackTeamCountry "GER"]
[WhiteClock "0:42:00"]
[BlackClock "0:59:16"]

1. e4 c5 2. Nf3 d6 3. d4 cxd4 4. Nxd4 Nf6 5. Nc3 e6 6. Bc4 Be7 7. Be3 a6 8. Bb3
b5 9. Qe2 O-O 10. O-O-O Qc7 11. f4 b4 12. Na4 Nxe4 13. Nb6 Qxb6 14. Nxe6 Qa5
15. Nxf8 Kxf8 16. Qc4 Qf5 17. Qd5 Nc6 18. Qxc6 Rb8 19. g4 1-0

[Event "Vellmar Chess Days"]
[Site "chess24.com"]
[Date "2015.08.09"]
[Round "7.5"]
[White "Hahn, Markus"]
[Black "Rogozenco, Teodora"]
[Result "1/2-1/2"]
[WhiteElo "2303"]
[BlackElo "2096"]
[PlyCount "64"]
[EventDate "2015.??.??"]
[WhiteTeam "Germany"]
[BlackTeam "Germany"]
[WhiteTeamCountry "GER"]
[BlackTeamCountry "GER"]
[WhiteClock "0:08:30"]
[BlackClock "0:01:53"]

1. d4 d6 2. Nf3 Nf6 3. c4 Nbd7 4. Nc3 e5 5. e4 g6 6. d5 Nh5 7. Be3 Be7 8. Nd2
Bg5 9. Bxg5 Qxg5 10. h4 Qe7 11. g3 Ng7 12. Be2 Nf6 13. b4 a5 14. a3 O-O 15. Kf1
Nfh5 16. Kg2 axb4 17. axb4 Rxa1 18. Qxa1 f5 19. exf5 gxf5 20. Qa7 Qf6 21. Rf1
e4 22. Nb5 f4 23. Bxh5 Nxh5 24. Qd4 Qf5 25. Qxe4 Qh3+ 26. Kg1 f3 27. Nxf3 Nxg3
28. fxg3 Qxg3+ 29. Kh1 Qh3+ 30. Kg1 Qg3+ 31. Kh1 Qh3+ 32. Kg1 Qg3+ 1/2-1/2

[Event "Vellmar Chess Days"]
[Site "chess24.com"]
[Date "2015.08.09"]
[Round "7.6"]
[White "Dorst, Johannes"]
[Black "Koronowski, Heinz-Juergen"]
[Result "1-0"]
[WhiteElo "2207"]
[BlackElo "1700"]
[PlyCount "41"]
[EventDate "2015.??.??"]
[WhiteTeam "Germany"]
[BlackTeam "Germany"]
[WhiteTeamCountry "GER"]
[BlackTeamCountry "GER"]
[WhiteClock "1:05:11"]
[BlackClock "0:42:56"]

1. e4 e5 2. Nf3 Nf6 3. Nxe5 d6 4. Nf3 Nxe4 5. Nc3 Nxc3 6. dxc3 Be7 7. Be3 Nc6
8. Qd2 Be6 9. O-O-O Qd7 10. b3 Bf6 11. Bg5 Bxg5 12. Nxg5 O-O-O 13. Nxe6 Qxe6
14. Bc4 Qf6 15. Rhe1 Rhe8 16. Bb5 Rxe1 17. Rxe1 d5 18. Bxc6 Qxc6 19. Qd4 Qf6
20. Qxa7 b6 21. Qa8+ 1-0

[Event "Vellmar Chess Days"]
[Site "chess24.com"]
[Date "2015.08.09"]
[Round "7.7"]
[White "Balje, Jan"]
[Black "Zahn, Richard"]
[Result "1/2-1/2"]
[WhiteElo "2189"]
[BlackElo "2091"]
[PlyCount "32"]
[EventDate "2015.??.??"]
[WhiteTeam "Netherlands"]
[BlackTeam "Germany"]
[WhiteTeamCountry "NED"]
[BlackTeamCountry "GER"]
[WhiteClock "1:25:47"]
[BlackClock "1:18:33"]

1. d4 e6 2. c4 f5 3. Nf3 Nf6 4. g3 d5 5. Bg2 c6 6. O-O Bd6 7. Nc3 O-O 8. Qc2
Qe7 9. Bg5 h6 10. Bf4 Bxf4 11. gxf4 Ne4 12. e3 Nd7 13. Ne5 Nxe5 14. dxe5 Nxc3
15. Qxc3 Bd7 16. b4 Bc8 1/2-1/2

[Event "Vellmar Chess Days"]
[Site "chess24.com"]
[Date "2015.08.09"]
[Round "7.8"]
[White "Koellner, Christoph"]
[Black "Sieber, Fiona"]
[Result "0-1"]
[WhiteElo "2021"]
[BlackElo "2098"]
[PlyCount "113"]
[EventDate "2015.??.??"]
[WhiteTeam "Germany"]
[BlackTeam "Germany"]
[WhiteTeamCountry "GER"]
[BlackTeamCountry "GER"]
[WhiteClock "0:01:54"]
[BlackClock "0:20:57"]

1. d4 Nf6 2. Nf3 g6 3. Nbd2 Bg7 4. e4 d6 5. c3 O-O 6. Bd3 c5 7. O-O Nbd7 8. Re1
cxd4 9. cxd4 e5 10. dxe5 dxe5 11. Nc4 Qc7 12. Qc2 Re8 13. Bd2 Nh5 14. Rac1 b6
15. Qa4 Qb8 16. Ne3 Rd8 17. b4 Nf4 18. Bc4 Nf8 19. Nd5 Nxd5 20. Bxd5 Bb7 21.
Bg5 Rd7 22. Bxb7 Qxb7 23. Qc6 Qxc6 24. Rxc6 Ne6 25. Be3 Rad8 26. Kf1 Nd4 27.
Nxd4 exd4 28. Bg5 Re8 29. f3 d3 30. Bd2 Be5 31. g3 h5 32. f4 Bd4 33. e5 b5 34.
Rd1 Kf8 35. Bc3 Bb6 36. Rd6 Rxd6 37. exd6 Re3 38. Bf6 Ke8 39. Rd2 Kd7 40. Be5
a5 41. Bc3 a4 42. Rf2 Re6 43. Rf3 Rxd6 44. Ke1 Re6+ 45. Kd1 Re3 46. Rf1 Ke6 47.
Bd2 Re2 48. Rf3 Rxh2 49. Rxd3 Rg2 50. a3 Bf2 51. f5+ Kxf5 52. Rd5+ Ke4 53. Rxb5
Kd3 54. Rd5+ Bd4 55. Rxd4+ Kxd4 56. Bf4 f6 57. b5 0-1

[Event "Vellmar Chess Days"]
[Site "chess24.com"]
[Date "2015.08.09"]
[Round "7.9"]
[White "Rothe, Guido"]
[Black "Koellner, Ruben Gideon"]
[Result "1/2-1/2"]
[WhiteElo "2179"]
[BlackElo "1790"]
[PlyCount "90"]
[EventDate "2015.??.??"]
[WhiteTeam "Germany"]
[BlackTeam "Germany"]
[WhiteTeamCountry "GER"]
[BlackTeamCountry "GER"]
[WhiteClock "0:21:43"]
[BlackClock "1:23:31"]

1. e4 d6 2. d4 Nf6 3. f3 c5 4. Ne2 g6 5. Be3 Nbd7 6. Nbc3 Bg7 7. Qd2 a6 8.
O-O-O Qc7 9. Bh6 Bxh6 10. Qxh6 cxd4 11. Nxd4 b5 12. Nd5 Nxd5 13. exd5 Nf6 14.
Kb1 Bb7 15. Bd3 Bxd5 16. Rhe1 O-O-O 17. a4 bxa4 18. Bxa6+ Bb7 19. Bxb7+ Kxb7
20. Qd2 Rhe8 21. Qb4+ Qb6 22. Qxa4 Ra8 23. Qb5 Qxb5 24. Nxb5 Ra5 25. Nc3 Kc6
26. b3 e6 27. Rd4 Rea8 28. Kb2 Nd5 29. Rc4+ Rc5 30. Rxc5+ Kxc5 31. Nxd5 Kxd5
32. Rd1+ Kc5 33. Ra1 Rxa1 34. Kxa1 d5 35. Kb2 e5 36. Kc3 f5 37. Kd3 g5 38. c4
e4+ 39. fxe4 dxe4+ 40. Ke3 h5 41. g3 Kc6 42. b4 Kb6 43. Kd4 Kc6 44. h3 h4 45.
gxh4 gxh4 1/2-1/2

[Event "Vellmar Chess Days"]
[Site "chess24.com"]
[Date "2015.08.09"]
[Round "7.10"]
[White "Gassmann, Volker"]
[Black "Werner, Martin"]
[Result "1-0"]
[WhiteElo "2207"]
[BlackElo "1993"]
[PlyCount "35"]
[EventDate "2015.??.??"]
[WhiteTeam "Germany"]
[BlackTeam "Germany"]
[WhiteTeamCountry "GER"]
[BlackTeamCountry "GER"]
[WhiteClock "0:47:51"]
[BlackClock "0:40:13"]

1. d4 d5 2. c4 e6 3. Nc3 c5 4. cxd5 exd5 5. Nf3 Nc6 6. dxc5 d4 7. Na4 Nf6 8. e3
Bg4 9. Be2 Bxf3 10. Bxf3 Bxc5 11. O-O Bd6 12. exd4 Nxd4 13. Re1+ Ne6 14. Bxb7
Bxh2+ 15. Kh1 Nd7 16. Qh5 Be5 17. Rxe5 Nxe5 18. Bxa8 1-0

[Event "Vellmar Chess Days"]
[Site "chess24.com"]
[Date "2015.08.09"]
[Round "7.11"]
[White "Clemens, Adrian"]
[Black "Calvi, Stefan"]
[Result "1-0"]
[WhiteElo "2170"]
[BlackElo "2041"]
[PlyCount "55"]
[EventDate "2015.??.??"]
[WhiteTeam "Netherlands"]
[BlackTeam "Germany"]
[WhiteTeamCountry "NED"]
[BlackTeamCountry "GER"]
[WhiteClock "0:25:00"]
[BlackClock "0:08:07"]

1. d4 Nf6 2. c4 g6 3. Nc3 Bg7 4. e4 d6 5. f3 O-O 6. Be3 c5 7. Nge2 cxd4 8. Nxd4
Nc6 9. Be2 Bd7 10. O-O Ne8 11. Qd2 f5 12. exf5 gxf5 13. Rad1 b6 14. Nc2 Ne5 15.
Bg5 Nf6 16. Nd5 Kh8 17. Nce3 Be6 18. Nf4 Qd7 19. Bd3 Nxd3 20. Qxd3 Rac8 21. b3
Ne8 22. Nxe6 Qxe6 23. Nd5 Rf7 24. Rfe1 Be5 25. f4 Qg6 26. Bxe7 Bg7 27. Bg5 h6
28. Ne7 1-0

[Event "Vellmar Chess Days"]
[Site "chess24.com"]
[Date "2015.08.09"]
[Round "7.13"]
[White "Jans, Micha"]
[Black "Krausse, Eckhard"]
[Result "1/2-1/2"]
[WhiteElo "2095"]
[BlackElo "1999"]
[PlyCount "36"]
[EventDate "2015.??.??"]
[WhiteTeam "Netherlands"]
[BlackTeam "Germany"]
[WhiteTeamCountry "NED"]
[BlackTeamCountry "GER"]
[WhiteClock "0:58:12"]
[BlackClock "1:04:47"]

1. e4 c5 2. Nc3 Nc6 3. g3 d6 4. Bg2 Nf6 5. h3 g6 6. d3 Bg7 7. Nge2 O-O 8. O-O
e5 9. Be3 Nd4 10. f4 b5 11. Bxd4 cxd4 12. Nxb5 Rb8 13. fxe5 dxe5 14. a4 a6 15.
Na3 Rxb2 16. Nc4 Rb7 17. Nxe5 Rb8 18. Nc4 Nh5 1/2-1/2

[Event "Vellmar Chess Days"]
[Site "chess24.com"]
[Date "2015.08.09"]
[Round "7.14"]
[White "Biastoch, Bennet"]
[Black "Von Auer, Ulrich"]
[Result "0-1"]
[WhiteElo "2046"]
[BlackElo "2073"]
[PlyCount "102"]
[EventDate "2015.??.??"]
[WhiteTeam "Germany"]
[BlackTeam "Germany"]
[WhiteTeamCountry "GER"]
[BlackTeamCountry "GER"]
[WhiteClock "0:26:25"]
[BlackClock "0:24:34"]

1. e4 e6 2. d4 d5 3. Nc3 Bb4 4. e5 c5 5. a3 Bxc3+ 6. bxc3 Ne7 7. Qg4 O-O 8. Bd3
Nbc6 9. Qh5 Ng6 10. Nf3 Qc7 11. Be3 c4 12. Bxg6 fxg6 13. Qh4 Bd7 14. Kd2 Rf5
15. Qg3 Raf8 16. h4 Be8 17. Qh3 h6 18. Nh2 Qe7 19. f4 b5 20. Nf3 a5 21. g4 R5f7
22. Ng5 Rxf4 23. Bxf4 Rxf4 24. Nf3 b4 25. Qg3 g5 26. hxg5 hxg5 27. cxb4 axb4
28. Qh3 Bg6 29. Raf1 bxa3 30. c3 Na5 31. Qh8+ Kf7 32. Nh4 Nb3+ 33. Ke2 Bd3+ 34.
Ke3 Bxf1 35. Qh5+ Kg8 36. Ng6 Re4+ 37. Kf2 Qf7+ 38. Kg1 Rxg4+ 39. Qxg4 Qxg6 40.
Rh2 Be2 41. Rxe2 a2 42. Rxa2 Qb1+ 43. Kg2 Qxa2+ 44. Kh3 Qa6 45. Qxg5 Qc8 46.
Qe7 Nd2 47. Kg4 Ne4 48. Kh4 Qf8 49. Qxe6+ Qf7 50. Qc8+ Kh7 51. Qg4 g5+ 0-1

[Event "Vellmar Chess Days"]
[Site "chess24.com"]
[Date "2015.08.09"]
[Round "7.18"]
[White "Fabregas, Oliver"]
[Black "Wastian, Jan"]
[Result "1-0"]
[WhiteElo "1957"]
[BlackElo "1760"]
[PlyCount "85"]
[EventDate "2015.??.??"]
[WhiteTeam "Germany"]
[BlackTeam "Germany"]
[WhiteTeamCountry "GER"]
[BlackTeamCountry "GER"]
[WhiteClock "0:39:15"]
[BlackClock "0:06:46"]

1. Nf3 d5 2. g3 c6 3. Bg2 Nf6 4. O-O Bg4 5. b3 Nbd7 6. Bb2 e6 7. d3 Bd6 8. c4
O-O 9. Nbd2 Qe7 10. a3 e5 11. e4 dxe4 12. dxe4 Rfd8 13. Qc2 Rac8 14. b4 Bc7 15.
c5 b6 16. cxb6 Bxb6 17. Nc4 Bxf3 18. Bxf3 c5 19. b5 Ne8 20. Bg4 f6 21. Rfd1 Rb8
22. a4 Kh8 23. Rd2 Nf8 24. Rad1 Ne6 25. Bxe6 Qxe6 26. Ba3 Rd4 27. Ne3 Rbd8 28.
Nf5 Rxd2 29. Rxd2 Rxd2 30. Qxd2 h6 31. a5 Bc7 32. Bxc5 Qb3 33. Qb4 Qa2 34. b6
axb6 35. axb6 Bb8 36. Qb5 Qe6 37. Ne7 Qf7 38. Qd7 Kh7 39. Qd8 Qb3 40. Qxe8 Qb1+
41. Kg2 Qxe4+ 42. f3 Qc2+ 43. Bf2 1-0

[Event "Vellmar Chess Days"]
[Site "chess24.com"]
[Date "2015.08.09"]
[Round "7.21"]
[White "Verhoef, Pieter"]
[Black "Bauch, Frank"]
[Result "0-1"]
[WhiteElo "2015"]
[BlackElo "1899"]
[PlyCount "160"]
[EventDate "2015.??.??"]
[WhiteTeam "Netherlands"]
[BlackTeam "Germany"]
[WhiteTeamCountry "NED"]
[BlackTeamCountry "GER"]
[WhiteClock "0:44:46"]
[BlackClock "0:05:48"]

1. e4 d5 2. exd5 Qxd5 3. Nc3 Qa5 4. d4 Nf6 5. Nf3 c6 6. Ne5 Be6 7. Be2 g6 8.
O-O Bg7 9. Bf4 Nbd7 10. Nxd7 Nxd7 11. Qd2 O-O 12. Bf3 Rfe8 13. Rfe1 Rad8 14.
Rad1 Nb6 15. Be3 Nc4 16. Qc1 Nxe3 17. fxe3 f5 18. a3 Bf7 19. b4 Qc7 20. Na4 b6
21. c4 Rd7 22. Nb2 Red8 23. b5 cxb5 24. cxb5 Qd6 25. Bc6 Rc7 26. Rd3 Kf8 27.
Qd2 Bd5 28. Rc1 Bxc6 29. Rdc3 Rdc8 30. bxc6 Rxc6 31. Nd3 Bh6 32. Ne5 Rxc3 33.
Rxc3 Rxc3 34. Qxc3 Qd5 35. h3 Bg5 36. Kh2 Kg7 37. a4 Bf6 38. Nf3 Qd6+ 39. Kh1
g5 40. h4 h6 41. h5 g4 42. Ne5 g3 43. Ng6 Qd7 44. Qe1 Qd6 45. Qc3 Qe6 46. Qe1
Bxd4 47. Qxg3 Qxe3 48. Nxe7+ Qxg3 49. Nxf5+ Kf6 50. Nxg3 Ke5 51. Kh2 Be3 52.
Ne2 a6 53. g4 b5 54. axb5 axb5 55. Kg2 b4 56. Kf3 Bd2 57. Ng3 b3 58. Ne4 Bb4
59. Nf2 Kd4 60. Nd1 Kd3 61. g5 hxg5 62. Nb2+ Kc2 63. Na4 Bf8 64. Kg4 Bh6 65.
Kf5 b2 66. Nxb2 Kxb2 67. Kg6 g4 68. Kxh6 g3 69. Kg7 g2 70. h6 g1=Q+ 71. Kh7
Qa7+ 72. Kh8 Qb8+ 73. Kg7 Qc7+ 74. Kg8 Qd8+ 75. Kg7 Qe7+ 76. Kg6 Qf8 77. Kh7
Kc3 78. Kg6 Qh8 79. h7 Kd4 80. Kh6 Ke5 0-1

[Event "Vellmar Chess Days"]
[Site "chess24.com"]
[Date "2015.08.09"]
[Round "7.24"]
[White "Hansult, Manfred"]
[Black "Koenig, Friedrich Theodor"]
[Result "1/2-1/2"]
[WhiteElo "1950"]
[BlackElo "1730"]
[PlyCount "28"]
[EventDate "2015.??.??"]
[WhiteTeam "Germany"]
[BlackTeam "Germany"]
[WhiteTeamCountry "GER"]
[BlackTeamCountry "GER"]
[WhiteClock "0:46:29"]
[BlackClock "0:57:50"]

1. d4 d5 2. Nf3 c6 3. c4 Nf6 4. cxd5 cxd5 5. Nc3 Nc6 6. Bf4 a6 7. e3 Bg4 8. Be2
e6 9. O-O Be7 10. a3 O-O 11. b4 b5 12. h3 Bh5 13. Rc1 Rc8 14. Qd2 h6 1/2-1/2

[Event "Vellmar Chess Days"]
[Site "chess24.com"]
[Date "2015.08.09"]
[Round "7.25"]
[White "Kuschel, Heidi"]
[Black "Braun, Ingram"]
[Result "1/2-1/2"]
[WhiteElo "1713"]
[BlackElo "1949"]
[PlyCount "43"]
[EventDate "2015.??.??"]
[WhiteTeam "Germany"]
[BlackTeam "Germany"]
[WhiteTeamCountry "GER"]
[BlackTeamCountry "GER"]
[WhiteClock "0:42:35"]
[BlackClock "0:47:32"]

1. Nf3 d5 2. g3 Nf6 3. Bg2 e6 4. d4 Be7 5. O-O O-O 6. Nbd2 c5 7. c4 Nc6 8. dxc5
Bxc5 9. Nb3 Bb6 10. cxd5 exd5 11. Nfd4 h6 12. Nf3 Bf5 13. Nbd4 Bg6 14. b3 Re8
15. e3 Be4 16. Bb2 Nxd4 17. Nxd4 Bxg2 18. Kxg2 Qe7 19. Nf5 Qe4+ 20. Qf3 Re6 21.
Qxe4 dxe4 22. Rfd1 1/2-1/2

[Event "Vellmar Chess Days"]
[Site "chess24.com"]
[Date "2015.08.09"]
[Round "7.27"]
[White "Grcic, Vukasin"]
[Black "Lukas, Anne"]
[Result "1-0"]
[WhiteElo "1905"]
[BlackElo "1801"]
[PlyCount "64"]
[EventDate "2015.??.??"]
[WhiteTeam "Serbia"]
[BlackTeam "Germany"]
[WhiteTeamCountry "SRB"]
[BlackTeamCountry "GER"]
[WhiteClock "1:20:24"]
[BlackClock "0:54:30"]

1. e4 c5 2. Nf3 Nc6 3. d4 cxd4 4. Nxd4 Nf6 5. Nc3 g6 6. Be3 Bg7 7. f3 O-O 8.
Bc4 Qb6 9. Qd3 Ne5 10. Qe2 Qxb2 11. Kd2 Qb4 12. Bb3 Neg4 13. Rhb1 Qa5 14. Bxf7+
Rxf7 15. Rb5 Qc7 16. fxg4 Qxh2 17. e5 Ne8 18. Nf3 Qg3 19. Rh1 Qxg4 20. Rh4 Qf5
21. Rf4 Qxf4 22. Bxf4 Rxf4 23. Nd5 Rf7 24. Ke1 e6 25. Ng5 exd5 26. Nxf7 Kxf7
27. Qf3+ Ke7 28. Qxd5 d6 29. Rxb7+ Bxb7 30. Qxb7+ Ke6 31. Qxa8 Nc7 32. Qc8+ Kd5
1-0

[Event "Vellmar Chess Days"]
[Site "chess24.com"]
[Date "2015.08.09"]
[Round "7.28"]
[White "Boele, Martijn"]
[Black "Rehbein, Ullrich"]
[Result "1-0"]
[WhiteElo "1992"]
[BlackElo "1832"]
[PlyCount "86"]
[EventDate "2015.??.??"]
[WhiteTeam "Netherlands"]
[BlackTeam "Germany"]
[WhiteTeamCountry "NED"]
[BlackTeamCountry "GER"]
[WhiteClock "0:01:45"]
[BlackClock "0:35:27"]

1. e4 d5 2. Nc3 dxe4 3. Nxe4 e5 4. Bc4 Nf6 5. Ng5 Be6 6. Bxe6 fxe6 7. Nxe6 Qd7
8. Nxf8 Rxf8 9. d3 Nc6 10. Be3 O-O-O 11. f3 Qe7 12. a3 e4 13. fxe4 Kb8 14. Nf3
Nxe4 15. O-O h6 16. Re1 Qf6 17. Qc1 Nd6 18. Rf1 Rfe8 19. Re1 g5 20. Bd2 Rf8 21.
Bc3 Qf5 22. Kh1 Nb5 23. Nd2 Nxc3 24. bxc3 Qc5 25. Ne4 Qf5 26. Rf1 Qe5 27. Qe3
Ne7 28. Qc5 Qg7 29. Rab1 Rd5 30. Rxf8+ Qxf8 31. Qb4 b6 32. Kg1 a5 33. Qc4 Qf4
34. Re1 g4 35. Ng3 Qxc4 36. dxc4 Rd7 37. Re4 Nc6 38. Rxg4 Rd2 39. Rg6 Ne5 40.
Rxh6 Rxc2 41. c5 Nd3 42. cxb6 Rc1+ 43. Nf1 Rxc3 1-0

[Event "Vellmar Chess Days"]
[Site "chess24.com"]
[Date "2015.08.09"]
[Round "7.29"]
[White "Krosenbrink, Marcel"]
[Black "Reitz, Philipp"]
[Result "0-1"]
[WhiteElo "1982"]
[BlackElo "1773"]
[PlyCount "83"]
[EventDate "2015.??.??"]
[WhiteTeam "Netherlands"]
[BlackTeam "Germany"]
[WhiteTeamCountry "NED"]
[BlackTeamCountry "GER"]
[WhiteClock "0:29:13"]
[BlackClock "0:35:39"]

1. e4 e5 2. Nf3 Nc6 3. Bb5 Nf6 4. Nc3 Be7 5. d3 d6 6. h3 a6 7. Bxc6+ bxc6 8.
O-O O-O 9. d4 exd4 10. Nxd4 Bb7 11. Nf5 Nd7 12. Qg4 Bf6 13. f4 Bc8 14. Qf3 Nb6
15. g4 Bxf5 16. exf5 d5 17. g5 Bd4+ 18. Kh2 Nc4 19. Ne2 Bc5 20. b3 Nd6 21. Ng3
f6 22. Bb2 fxg5 23. Qc3 Qf6 24. Qxc5 Qxb2 25. fxg5 Nxf5 26. Rae1 Nd4 27. Kh1
Rae8 28. Rxe8 Rxe8 29. Rf2 Qc1+ 30. Kg2 Qe3 31. c3 Nf5 32. Qxe3 Nxe3+ 33. Kf3
Nd1 34. Re2 Rf8+ 35. Kg4 Nf2+ 36. Kh5 Rf4 37. g6 hxg6+ 38. Kxg6 Rf6+ 39. Kg5
Nxh3+ 40. Kh4 Nf4 41. Re8+ Rf8 42. Re1 0-1

[Event "Vellmar Chess Days"]
[Site "chess24.com"]
[Date "2015.08.09"]
[Round "7.30"]
[White "Stuckenschneider, Martin"]
[Black "Meise, Jan"]
[Result "1-0"]
[WhiteElo "1947"]
[BlackElo "1816"]
[PlyCount "59"]
[EventDate "2015.??.??"]
[WhiteTeam "Germany"]
[BlackTeam "Germany"]
[WhiteTeamCountry "GER"]
[BlackTeamCountry "GER"]
[WhiteClock "0:39:59"]
[BlackClock "0:44:33"]

1. d4 Nf6 2. c4 g6 3. Nc3 Bg7 4. e4 d6 5. Nf3 O-O 6. Be2 Nc6 7. d5 Nb8 8. O-O
c6 9. Ne1 Nbd7 10. Nd3 Nc5 11. Nxc5 dxc5 12. dxc6 Qc7 13. cxb7 Bxb7 14. Bf3 e6
15. Be3 Rfd8 16. Qc2 a6 17. Rad1 Nd7 18. Na4 h5 19. Rxd7 Rxd7 20. Nxc5 Be5 21.
Nxd7 Qxd7 22. Rd1 Qc7 23. h3 Kh7 24. Bd4 Bf4 25. g3 Bh6 26. Bf6 Rc8 27. b3 Bf8
28. Qd3 Bc6 29. e5 Be8 30. Bxh5 1-0

[Event "Vellmar Chess Days"]
[Site "chess24.com"]
[Date "2015.08.09"]
[Round "7.31"]
[White "van Leyen, Peter"]
[Black "Kanbach, Mike"]
[Result "1/2-1/2"]
[WhiteElo "1730"]
[BlackElo "1872"]
[PlyCount "41"]
[EventDate "2015.??.??"]
[WhiteTeam "Germany"]
[BlackTeam "Germany"]
[WhiteTeamCountry "GER"]
[BlackTeamCountry "GER"]
[WhiteClock "0:31:52"]
[BlackClock "0:46:20"]

1. d4 Nf6 2. Nf3 e6 3. e3 d5 4. Bd3 c5 5. c3 Nbd7 6. Nbd2 Be7 7. O-O O-O 8. Qe2
Re8 9. Rd1 Qc7 10. e4 e5 11. exd5 exd4 12. cxd4 Bd6 13. Qf1 cxd4 14. Nb3 Ne5
15. Nbxd4 Nxf3+ 16. Nxf3 Bg4 17. h3 Bxf3 18. gxf3 Re5 19. Bf4 Rxd5 20. Rac1 Qd7
21. Bxd6 1/2-1/2

[Event "Vellmar Chess Days"]
[Site "chess24.com"]
[Date "2015.08.09"]
[Round "7.32"]
[White "Verhoef, Ruud"]
[Black "Maar, Samuel"]
[Result "1/2-1/2"]
[WhiteElo "1911"]
[BlackElo "1902"]
[PlyCount "108"]
[EventDate "2015.??.??"]
[WhiteTeam "Netherlands"]
[BlackTeam "Germany"]
[WhiteTeamCountry "NED"]
[BlackTeamCountry "GER"]
[WhiteClock "0:04:13"]
[BlackClock "0:17:46"]

1. e4 e5 2. Nf3 d6 3. d4 exd4 4. Nxd4 Nf6 5. Nc3 Be7 6. Be2 O-O 7. Be3 d5 8.
exd5 Nxd5 9. Nxd5 Qxd5 10. Bf3 Qa5+ 11. c3 Rd8 12. Qc2 c5 13. Nf5 Bf6 14. O-O
Qc7 15. Rad1 Nc6 16. Rxd8+ Bxd8 17. Ng3 Ne5 18. Be4 g6 19. Bd5 a6 20. c4 Qe7
21. Qe4 Ng4 22. Bf4 Qxe4 23. Nxe4 a5 24. Nxc5 Bb6 25. Na4 Ba7 26. Bg3 Nf6 27.
Bf3 g5 28. c5 g4 29. Bd1 Ne4 30. Nb6 Bxb6 31. cxb6 Nxg3 32. fxg3 Be6 33. Bb3
Bxb3 34. axb3 Kg7 35. Rf5 Kg6 36. Rb5 Rc8 37. h3 gxh3 38. gxh3 Rc1+ 39. Kg2
Rc2+ 40. Kf3 Rxb2 41. h4 f6 42. h5+ Kh6 43. g4 a4 44. bxa4 Rxb5 45. axb5 Kg5
46. Kg3 h6 47. Kf3 f5 48. gxf5 Kxf5 49. Ke3 Ke5 50. Kf3 Kf5 51. Ke3 Ke5 52. Kd3
Kd5 53. Ke3 Ke5 54. Kf3 Kf5 1/2-1/2

[Event "Vellmar Chess Days"]
[Site "chess24.com"]
[Date "2015.08.09"]
[Round "7.33"]
[White "Kalkuhl, Thorsten"]
[Black "Hilgert, Viktor"]
[Result "1-0"]
[WhiteElo "1731"]
[BlackElo "1905"]
[PlyCount "62"]
[EventDate "2015.??.??"]
[WhiteTeam "Germany"]
[BlackTeam "Germany"]
[WhiteTeamCountry "GER"]
[BlackTeamCountry "GER"]
[WhiteClock "0:20:42"]
[BlackClock "0:41:15"]

1. c4 d5 2. cxd5 Nf6 3. e3 Nxd5 4. Nf3 c6 5. a3 g6 6. Bc4 e6 7. b4 Bg7 8. d4
Qe7 9. O-O O-O 10. Bb2 f5 11. Nbd2 Nd7 12. Rc1 N7f6 13. Ng5 h6 14. Ngf3 Bd7 15.
Ne5 Be8 16. Re1 Kh7 17. f3 f4 18. Nf1 fxe3 19. Nxe3 Qd6 20. Bd3 Nxe3 21. Rxe3
Nd5 22. Re1 h5 23. Qc2 Rf6 24. g3 Bh6 25. Re4 Bxc1 26. Bxc1 Qf8 27. Rh4 Kg7 28.
Qd2 Qh8 29. g4 Rf4 30. Bxg6 Bxg6 31. Nxg6 Rf6 1-0